Statistics for Biggest Cities in Germany - Extreme

Click here to take the quiz!

General Stats

  • This quiz has been taken 13,056 times
    (12,395 since last reset)
  • The average score is 33 of 101

Answer Stats

Population City % Correct
3,520,031Berlin
100%
1,450,381Munich
97%
732,688Frankfurt am Main
93%
1,787,408Hamburg
93%
1,060,582Cologne
89%
612,178Düsseldorf
83%
543,825Dresden
78%
623,738Stuttgart
77%
509,975Nuremberg
71%
560,472Leipzig
70%
557,464Bremen
69%
532,163Hanover
68%
586,181Dortmund
68%
318,809Bonn
67%
582,624Essen
64%
246,306Kiel
53%
305,780Mannheim
51%
209,779Mainz
50%
245,885Aachen
49%
167,745Potsdam
48%
206,011Rostock
46%
226,393Freiburg im
Breisgau
46%
286,374Augsburg
45%
124,045Wolfsburg
43%
156,267Heidelberg
42%
178,151Saarbrücken
41%
491,231Duisburg
41%
307,755Karlsruhe
41%
333,090Bielefeld
41%
310,039Münster
40%
235,723Magdeburg
39%
216,253Lübeck
39%
122,636Ulm
38%
364,742Bochum
35%
210,118Erfurt
35%
260,368Gelsenkirchen
34%
276,218Wiesbaden
34%
163,487Leverkusen
34%
197,984Kassel
34%
350,046Wuppertal
34%
145,465Regensburg
33%
259,996Mönchengladbach
33%
248,645Chemnitz
33%
251,364Braunschweig
32%
109,527Jena
32%
112,586Koblenz
31%
132,438Ingolstadt
31%
124,873Würzburg
30%
114,914Trier
30%
236,991Halle
29%
162,403Osnabrück
29%
114,025Bremerhaven
29%
155,353Darmstadt
29%
98,520Kaiserslautern
26%
163,830Oldenburg
26%
148,126Paderborn
26%
96,800Schwerin
25%
99,687Cottbus
25%
85,942Flensburg
25%
118,914Göttingen
23%
124,171Fürth
20%
164,718Ludwigshafen
am Rhein
20%
210,934Oberhausen
19%
179,397Hamm
19%
91,123Zwickau
18%
82,859Konstanz
18%
225,144Krefeld
18%
123,734Offenbach am Main
18%
108,336Erlangen
17%
122,567Heilbronn
16%
96,011Gera
16%
102,355Siegen
15%
158,726Solingen
15%
111,366Bergisch Gladbach
15%
189,044Hagen
15%
87,464Tübingen
14%
122,247Pforzheim
14%
82,102Worms
14%
114,310Reutlingen
13%
155,414Neuss
13%
101,667Hildesheim
13%
117,143Bottrop
12%
84,455Gießen
12%
96,700Witten
12%
114,330Recklinghausen
12%
169,278Mülheim an der Ruhr
12%
155,851Herne
12%
92,973Ludwigsburg
11%
101,079Salzgitter
11%
92,643Hanau
10%
109,499Remscheid
10%
104,529Moers
10%
90,244Düren
9%
82,919Dessau-Roßlau
9%
93,537Iserlohn
8%
83,926Marl
8%
97,586Gütersloh
7%
84,674Villingen-Schwenningen
7%
91,271Esslingen am Neckar
7%
87,943Ratingen
6%
85,867Lünen
5%

Score Distribution

Percentile by Number Answered

Percent of People with Each Score

Your Score History

You have not taken this quiz since the last reset